Category Elimination - U.S. Geography - Statistics

General Stats
  • This quiz has been taken 5,239 times
  • The average score is 15 of 20
Answer Stats
Group # Category % Correct
Green 50 States of the U.S.
100%
Green 41 ... with an area over 20,000 mi2
100%
Green 15 ... with land on the Mississippi or Missouri rivers
98%
Orange 50 State capitals of the U.S.
92%
Orange 41 ... which are one word
91%
Blue 50 States of the U.S. (by Flag)
89%
Blue 38 ... which have red on them
88%
Purple 100 States or capitals of the U.S.
88%
Purple 39 ... starting with a letter after M
84%
Green 6 ... a democratic governor
83%
Orange 13 ... that are the biggest city in their state*
83%
Purple 11 ... are coastal
80%
Blue 20 ... with the state name on them
78%
Orange 6 ... without the letter E
72%
Purple 5 ... with fewer than 5 mil people*
69%
Green 1 ... and start with a vowel Illinois
69%
Blue 10 ... that have humans on them
51%
Purple 1 ... and with an NBA team Oregon
38%
Orange 1 ... and with an elevation over 1000 ft Atlanta
32%
Blue 1 ... and with only trace amounts of blue Florida
24%
No matching quizzes found
Score Distribution
Percent of People with Each Score
Percentile by Number Answered
Your Score History
You have not taken this quiz